Dictionary of literary terms (Record no. 8352)

MARC details
000 -LEADER
fixed length control field 00444cam a2200181ua 4500
008 - FIXED-LENGTH DATA ELEMENTS--GENERAL INFORMATION
fixed length control field 150225n ii |||gr||||Z||||||eng
040 ## - CATALOGING SOURCE
Transcribing agency MAIN
041 ## - LANGUAGE CODE
-- eng
082 ## - DEWEY DECIMAL CLASSIFICATION NUMBER
Classification number 808.103
100 ## - MAIN ENTRY--PERSONAL NAME
Personal name Gupta, A. N.,
Relator term
245 1# - TITLE STATEMENT
Title Dictionary of literary terms
Statement of responsibility, etc. By A. N. Gupta
250 ## - EDITION STATEMENT
Edition statement 1st.
260 ## - PUBLICATION, DISTRIBUTION, ETC.
Place of publication, distribution, etc. Bareilly:
Name of publisher, distributor, etc. Prakash,
Date of publication, distribution, etc. 1995.
300 ## - PHYSICAL DESCRIPTION
Extent 384p.
942 ## - ADDED ENTRY ELEMENTS (KOHA)
Koha item type Books
653 ## - INDEX TERM--UNCONTROLLED
Uncontrolled term Rhetoric & collections of literature
Holdings
Withdrawn status Lost status Damaged status Not for loan Home library Current library Shelving location Date acquired Total Checkouts Full call number Barcode Date last seen Copy number Price effective from Koha item type
        Naharkatiya College Library Naharkatiya College Library General Stacks 19/09/2020   808.103 | GUP 4813 19/09/2020 1 19/09/2020 Books
        Naharkatiya College Library Naharkatiya College Library General Stacks 19/09/2020   808.103 | GUP 4814 19/09/2020 2 19/09/2020 Books

Naharkatiya College © 2020. All rights reserved.

Powered By